000 01038nam a22003137a 4500
001 BR0602780
003 BR-BrBNA
005 20230928102213.0
007 ta
008 230509b bl.||||| |||| 00| 0 por d
040 _aBR-BrBNA
_bpor
_cBiblioteca Nacional de Agricultura
041 _a(Por)
072 _aP34; T01
_b1930
090 _ 1930 BR0602780
100 1 _aSilva, S. da
110 1 _aUniversidade Federal de Lavras, MG (Brasil)
_0Tese (Doutorado)
245 1 _aFungos micorrízicos arbusculares no crescimento, extração de metais pesados e característica anatômicas da Brachiaria decumbens Stapf. em solo contaminado
260 3 _aLavras, MG (Brasil):
_c2006.
300 _a82 p.
500 _aSummaries (Eng, Por); Several bibliography; 7 illus.; 11 tables
650 _aBRACHIÁRIA DECUMBENS
650 _aSOLO
650 _aCONTAMINAÇÃO
650 _aMETAL PESADO
650 _aMICORRIZA ARBUSCULAR
650 _aCARACTERÍSTICAS AGRONÔMICAS
909 _a202309
_bLucia
_c55
_dLucia Elande
942 _cBK
999 _c69632
_d69632